00729nam a22001817a 4500008004100000040005500041080001800096245005300114260004000167300001800207490008400225650002300309653002000332700002600352942001200378999001700390952014000407230328b |||||||| |||| 00| 0 eng d aNational Science LibrarycNational Science Library a536.764bL0.3 aPhase diagrams materials science and technology  aNew York: bAcademic Press, c1970  axviii, 325p.  aThe use of phase diagrams in electronic materials and glass technology vVol. 3 aMaterials science  aPhase diagrams  aAlper, Allen M (Ed.)  2udccBK c16149d16149 00102udc406536764_L0370923960aNSLbNSLcGF/Rk-4/C-14/R-2d1971-08-09l0o536.764 L0.3p35663r2023-03-28 00:00:00w1971-08-09yBK